[Event "EU-ch U10 30th"]
[Site "Antalya"]
[Date "2022.11.12"]
[Round "7"]
[White "Bekcioglu, Aziz"]
[Black "Faryma, Maksym"]
[Result "0-1"]
[WhiteElo "1066"]
[BlackElo "1646"]
[PlyCount "84"]
[EventDate "2022.11.06"]
[EventType "swiss"]
[EventRounds "9"]
[EventCountry "TUR"]
[SourceTitle "CBM 211 Extra"]
[Source "ChessBase"]
[SourceDate "2023.01.31"]
[SourceVersion "1"]
[SourceVersionDate "2023.01.31"]
[SourceQuality "1"]

1. d4 Nf6 2. Bf4 e6 3. e3 b6 4. Nf3 Bb7 5. Nbd2 Be7 6. Bd3 d5 7. 0-0 Nbd7 8. c3 0-0 9. h3 Rc8 10. Ne5 Bd6 11. Ndf3 Ne4 12. Qa4 Nxe5 13. Bxe5 f6 14. Bxd6 Nxd6 15. Qc2 h6 16. Nh4 f5 17. Ng6 Re8 18. Ne5 c5 19. Qe2 Qf6 20. f4 Ne4 21. Bxe4 dxe4 22. Kh2 Kh7 23. g4 cxd4 24. exd4 Rg8 25. Rg1 g5 26. Raf1 Rc7 27. gxf5 exf5 28. Qh5 Rcg7 29. fxg5 Rxg5 30. Qf7+ Qxf7 31. Nxf7 Rxg1 32. Rxg1 e3 33. Nd6 e2 34. Re1 Rg2+ 35. Kh1 Bf3 36. Nc4 Rg7+ 37. Kh2 f4 38. Ne5 Bh5 39. Nd3 f3 40. Rg1 Bg6 41. Nf2 Bf5 42. Re1 Rg2+ 0-1

[Event "EU-ch U10 30th"]
[Site "Antalya"]
[Date "2022.11.10"]
[Round "5"]
[White "Gabadadze, Gabriel"]
[Black "Faryma, Maksym"]
[Result "1-0"]
[WhiteElo "1569"]
[BlackElo "1646"]
[PlyCount "74"]
[EventDate "2022.11.06"]
[EventType "swiss"]
[EventRounds "9"]
[EventCountry "TUR"]
[SourceTitle "CBM 211 Extra"]
[Source "ChessBase"]
[SourceDate "2023.01.31"]
[SourceVersion "1"]
[SourceVersionDate "2023.01.31"]
[SourceQuality "1"]

1. e4 c5 2. Nf3 e6 3. d4 cxd4 4. Nxd4 Nf6 5. Nc3 d6 6. g4 h6 7. Be3 Nc6 8. Be2 a6 9. f4 Qc7 10. Qd2 Rb8 11. 0-0-0 Bd7 12. h4 b5 13. g5 Ng8 14. f5 Ne5 15. g6 fxg6 16. fxe6 Bc6 17. Nxc6 Qxc6 18. Nd5 Nf6 19. Qd4 Rc8 20. c3 Be7 21. Bf4 Qb7 22. Bxe5 dxe5 23. Nxf6+ Kf8 24. Nd7+ Kg8 25. Qf2 Kh7 26. h5 Bg5+ 27. Kb1 Rhd8 28. hxg6+ Kh8 29. Qf5 Bf4 30. Nxe5 Bxe5 31. Qxe5 Re8 32. Rxh6+ Kg8 33. Rh8+ Kxh8 34. Qh5+ Kg8 35. Qh7+ Kf8 36. Qh8+ Ke7 37. Qxg7+ Kxe6 1-0

[Event "EU-ch U10 30th"]
[Site "Antalya"]
[Date "2022.11.09"]
[Round "4"]
[White "Bayramiclilar, Yusuf Ruzgar"]
[Black "Faryma, Maksym"]
[Result "0-1"]
[WhiteElo "1480"]
[BlackElo "1646"]
[PlyCount "102"]
[EventDate "2022.11.06"]
[EventType "swiss"]
[EventRounds "9"]
[EventCountry "TUR"]
[SourceTitle "CBM 211 Extra"]
[Source "ChessBase"]
[SourceDate "2023.01.31"]
[SourceVersion "1"]
[SourceVersionDate "2023.01.31"]
[SourceQuality "1"]

1. c4 Nf6 2. e3 e6 3. d4 b6 4. Nc3 Bb7 5. Nf3 Be7 6. Bd3 d5 7. cxd5 Nxd5 8. 0-0 0-0 9. a3 Nd7 10. e4 Nxc3 11. bxc3 c5 12. Bb2 Rc8 13. Qe2 Qc7 14. Nd2 Rfd8 15. d5 exd5 16. exd5 Bf6 17. Rab1 Bxd5 18. Qh5 g6 19. Qxd5 Ne5 20. Ne4 Bg7 21. Bc4 Rxd5 22. Bxd5 h6 23. f4 Ng4 24. Rf3 Nf6 25. Nxf6+ Bxf6 26. c4 Bxb2 27. Rxb2 Re8 28. Rb1 Re2 29. Rbf1 b5 30. Rb1 b4 31. axb4 cxb4 32. Rxb4 Qc5+ 33. Kf1 Ra2 34. Rb8+ Kg7 35. Rb7 Ra1+ 36. Ke2 h5 37. Rxf7+ Kh6 38. Re3 Qd4 39. Rfe7 Qxf4 40. Rf3 Qd4 41. Rfe3 Qb2+ 42. Kf3 Rf1+ 43. Ke4 Qxg2+ 44. Kd4 Qb2+ 45. Ke4 Qf6 46. Kd3 Rd1+ 47. Kc2 Qd4 48. Bg8 Qd2+ 49. Kb3 Rb1+ 50. Ka3 Qb2+ 51. Ka4 Qb4# 0-1

[Event "Lisbon Portugal rapid op"]
[Site "Lisbon"]
[Date "2022.09.04"]
[Round "10"]
[White "Faryma, Maksym"]
[Black "Fernandes, Ricardo Paulos"]
[Result "1-0"]
[WhiteElo "1646"]
[BlackElo "2080"]
[PlyCount "96"]
[EventDate "2022.09.03"]
[EventType "swiss (rapid)"]
[EventRounds "11"]
[EventCountry "POR"]
[SourceTitle "CBM 210 Extra"]
[Source "ChessBase"]
[SourceDate "2022.11.30"]
[SourceVersion "1"]
[SourceVersionDate "2022.11.30"]
[SourceQuality "1"]

1. e4 g6 2. d4 Bg7 3. Nf3 d6 4. Be3 Nd7 5. c4 e5 6. Nc3 Ngf6 7. h3 0-0 8. Bd3 exd4 9. Bxd4 Re8 10. 0-0 Nc5 11. Qc2 Ne6 12. Be3 Nh5 13. Qd2 Nf6 14. b4 b6 15. Rae1 Bb7 16. Nd5 Nd7 17. Ng5 c6 18. Nxe6 fxe6 19. Bg5 Qb8 20. Nc3 Qc7 21. f4 d5 22. cxd5 exd5 23. e5 Bc8 24. Rc1 Qb7 25. Ne2 a5 26. Nd4 Nb8 27. a3 Bd7 28. Qc2 axb4 29. axb4 Na6 30. Qb1 Rab8 31. Bxg6 hxg6 32. Qxg6 c5 33. Bf6 Bxh3 34. Nf3 Bxg2 35. Kxg2 Qf7 36. Qg4 Kf8 37. Ng5 Qg8 38. Qf5 Re7 39. Bxe7+ Kxe7 40. Qg6 Bxe5 41. Qxg8 Rxg8 42. Rce1 Rxg5+ 43. fxg5 Kd6 44. bxc5+ bxc5 45. Rxe5 Kxe5 46. g6 Nc7 47. g7 Ne6 48. g8Q Kd6 1-0